Five gentlemen of Japan : The portrait of a nation’s character
Đã lưu trong:
| 主要作者: | |
|---|---|
| 格式: | 图书 |
| 语言: | Undetermined |
| 出版: |
New York
Farrar, Straus and Young
1953
|
| 主题: | |
| 标签: |
添加标签
没有标签, 成为第一个标记此记录!
|
| Thư viện lưu trữ: | Trung tâm Học liệu Trường Đại học Cần Thơ |
|---|
| LEADER | 00567nam a2200205Ia 4500 | ||
|---|---|---|---|
| 001 | CTU_111121 | ||
| 008 | 210402s9999 xx 000 0 und d | ||
| 020 | |c 33000 | ||
| 082 | |a 915.2 | ||
| 082 | |b G447 | ||
| 100 | |a Gibney, Frank | ||
| 245 | 0 | |a Five gentlemen of Japan : | |
| 245 | 4 | |b The portrait of a nation’s character | |
| 245 | 0 | |c Frank Gibney | |
| 260 | |a New York | ||
| 260 | |b Farrar, Straus and Young | ||
| 260 | |c 1953 | ||
| 650 | |a National characteristics, Japanese | ||
| 904 | |i M.Loan | ||
| 980 | |a Trung tâm Học liệu Trường Đại học Cần Thơ | ||